| 000 | 00800caa a22002297a 4500 | ||
|---|---|---|---|
| 999 |
_c410804 _d410804 |
||
| 001 | 123641 | ||
| 003 | UA-OsUOA | ||
| 005 | 20200112122556.0 | ||
| 007 | ta | ||
| 008 | 20170629b un ||||| |||| 00| 0 ukr d | ||
| 040 |
_aUA-OsUOA _bukr _cUA-OsUOA _dUA-OsUOA |
||
| 041 | _aukr | ||
| 080 | _a908 | ||
| 090 |
_a908 _bК72 |
||
| 245 | _aКостянтин Острозький — гуманіст, реформатор, державотворець | ||
| 300 | _aС. 6–70 | ||
| 650 | 7 |
_a908 Краєзнавство _2UDC |
|
| 773 | 0 |
_0308850 _9306389 _dХмельницький 1997 _o76624 _tСтарокостянтинів і край в просторі часу _w(UA-OsUOA) 22628 |
|
| 942 |
_cBKA _2udc |
||
| 955 | _a1 | ||